000 00990nam a2200277 i 4500
001 190519
003 ES-MaACL
005 20250728033653.0
008 210818s2017 sp o 001 0 spa d
020 _a978-84-697-5018-6
080 _a77.035/.038
100 1 _aTresguerres, Javier.
_9173312
245 1 0 _aEnmascarados :
_bfotografías de Javier Tresguerres ; [prólogo, José Cereijo].
246 3 8 _aMasked
260 _aMadrid :
_bJavier Tresguerres,
_c2017.
300 _a178 p. :
_bprincipalmente il. col., fot. ;
_c30 cm.
600 1 4 _aTresguerres, Javier.
_9173312
650 7 _aFotografía de desnudo
_2embne
_912962
650 4 _aFotografía-
_zEspaña.
_912950
650 4 _aFotografía-
_yS.XX.
_9155849
700 1 _aCereijo, José,
_d1957-
_9149727
852 4 _aES-MaACL
_jA-14722
_9197697
_bR.151908
_cDEPO1
_dOlim: N-7722
_hDonación: Javier Tresguerres
903 _9173312
_aTresguerres, Javier
_ednr
942 _2udc
_cMONOGRAFIA
999 _c190519
_d190519